01062nac a22002651i 4500003000900000005001700009008004100026020001500067040004300082082002000125100002700145245013800172250004100310264005800351300004400409336002600453337002800479338002700507504005100534650003200585655001700617942001200634999001500646952013500661EG-ScBUE20250526092144.0250413r20031995ii a f b 001 0 eng d a8125910115 aEG-ScBUEbengerdacEG-ScBUEdEG-ScBUE04a530.41bGUP2221 aGupta, H. C.,eauthor.10aSolid state physics /cH. C. Gupta, professor of physics, I.I.T. Delhi, (formely prof. Kirori Mal College University of Delhi, Delhi) aSecond revised and enlarged edition. 1aNew Delhi : bVikas Publishing House PVT LTD, c2003. axi, 373 pages :billustrations ;c24 cm 2rdacontentatextbtxt aunmediated2rdamediabn avolumebnc2rdacarrier aIncludes bibliographical references and index. 7aSolid state physics.2BUEsh vReading book cBB2ddc c1395d1395 00102ddc40708BaccahaMAINbMAINc1STd2006-09-06g80.00l0o530.41 GUPp000003057r2025-07-15 00:00:00v100.00w2006-09-06yBB